Meilleurs buteurs en Europe (2000-) - Statistiques

Statistiques générales
  • Ce quiz a été pris 480 fois
  • Le résultat moyen est 15 sur 25
Statistiques - réponses
Championnat Club Buts joueur % Correct
Liga FC Barcelone 438 Messi
100%
Liga Real Madrid 311 Ronaldo
100%
Bundesliga Bayern munich 227 Lewandowski
98%
Ligue 1 Paris-Saint-Germain 138 Cavani
92%
Ligue 1 Paris-Saint-Germain 113 Ibrahimovic
89%
Premier league Manchester City 180 Aguero
88%
Premier League Manchester United 208 Rooney
88%
Liga Real Madrid 162 Benzema
87%
Serie A AS Rome 206 Totti
86%
Premier League Arsenal 158 Henry
82%
Premier League Chelsea 197 Lampard
67%
Liga FC Barcelone 161 Eto'o
61%
Ligue 1 Paris-Saint-Germain 141 Pauleta
60%
Bundesliga Borussia Dortmund 127 Reus
60%
Seria A Udinese 209 Di Natale
59%
Liga Valence 185 Villa
53%
Ligue 1 Olympique de Marseille 102 Gignac
51%
Bundesliga Stuttgart 170 Gomez
39%
Serie A Sampdoria 162 Quagliarella
39%
Ligue 1 Olympique Lyonnais 122 Gomis
34%
Serie A Fiorentina 157 Toni
28%
Premier league Tottenham 173 Defoe
23%
Serie A Fiorentina 185 Gilardino
8%
Bundesliga Hoffenheim 123 Ibisevic
8%
Bundesliga Bayer Leverkusen 144 Kiebling
8%
Aucun quiz correspondant
Distribution des résultats
% des personnes avec chaque résultat
Percentile par nombre de réponses
Votre historique - résultats
Vous n’avez pas pris ce quiz